| 000 | 00655nam a2200193 4500 | ||
|---|---|---|---|
| 001 | 140199 | ||
| 003 | ES-MaACL | ||
| 005 | 20230906200030.0 | ||
| 007 | t| | ||
| 008 | 070214s1972 sp r ||||1| spa d | ||
| 080 | _a577.1(076) | ||
| 100 | 1 |
_aSegel, Irwin H. _9105129 |
|
| 245 | 1 | 0 |
_aCálculos en bioquímica : _bresolución de problemas matemáticos en bioquímica / _cIrwin H. Segel ; traducido por Francisco García Ferrándiz. |
| 260 |
_aZaragoza : _bAcribia, _c1972. |
||
| 300 |
_aXIII, 426 p. : _bil. ; _c24 cm. |
||
| 650 | 4 |
_aBioquímica- _vProblemas. _9173496 |
|
| 700 | 1 |
_aGarcía Ferrándiz, Francisco. _954608 |
|
| 852 |
_aES-MaACL _jC-43121 |
||
| 999 |
_c140199 _d140199 |
||